| 000 | 00369nam a22001457a 4500 | ||
|---|---|---|---|
| 020 | _a9788131713662 | ||
| 040 | _cNUST | ||
| 082 | _a621.3815 WAK | ||
| 100 |
_aWakerly, John F. _960843 |
||
| 245 |
_aDigital Design: _bPrinciples and Practices |
||
| 250 | _a4th Edition | ||
| 260 |
_aNew Delhi: _bPearson, _c2013. |
||
| 650 |
_aDigital Design _969026 |
||
| 942 |
_2ddc _cBK |
||
| 999 |
_c589928 _d589928 |
||